<?xml version="1.0" encoding="UTF-8"?>
<record
    xmlns:xsi="http://www.w3.org/2001/XMLSchema-instance"
    xsi:schemaLocation="http://www.loc.gov/MARC21/slim http://www.loc.gov/standards/marcxml/schema/MARC21slim.xsd"
    xmlns="http://www.loc.gov/MARC21/slim">

  <leader>01817cam a2200289 a 4500</leader>
  <controlfield tag="001">15721194</controlfield>
  <controlfield tag="005">20141124114154.0</controlfield>
  <controlfield tag="008">090501s2009    xxkako fr     001 0 eng d</controlfield>
  <datafield tag="010" ind1=" " ind2=" ">
    <subfield code="a">2009016489</subfield>
  </datafield>
  <datafield tag="020" ind1=" " ind2=" ">
    <subfield code="a">9780273714200 (pbk. : alk. paper)</subfield>
  </datafield>
  <datafield tag="040" ind1=" " ind2=" ">
    <subfield code="a">DLC</subfield>
    <subfield code="c">DLC</subfield>
    <subfield code="d">DLC</subfield>
    <subfield code="d">EG-ScBUE</subfield>
  </datafield>
  <datafield tag="082" ind1="0" ind2="0">
    <subfield code="a">658.827</subfield>
    <subfield code="2">22</subfield>
    <subfield code="b">EDG</subfield>
  </datafield>
  <datafield tag="100" ind1="1" ind2=" ">
    <subfield code="a">Edge, Jon</subfield>
    <subfield code="9">36668</subfield>
  </datafield>
  <datafield tag="245" ind1="1" ind2="0">
    <subfield code="a">Don't mess with the logo :</subfield>
    <subfield code="b">the straight talker's bible of branding /</subfield>
    <subfield code="c">Jon Edge &amp; Andy Milligan.</subfield>
  </datafield>
  <datafield tag="260" ind1=" " ind2=" ">
    <subfield code="a">Harlow, United Kingdom :</subfield>
    <subfield code="b">Financial Times / Prentice Hall,</subfield>
    <subfield code="b">Pearson Education Limited,</subfield>
    <subfield code="c">2009</subfield>
    <subfield code="e">([Gosport, United Kingdom] :</subfield>
    <subfield code="f">Colour Press Ltd.)</subfield>
  </datafield>
  <datafield tag="300" ind1=" " ind2=" ">
    <subfield code="a">xiv, 217 p. :</subfield>
    <subfield code="b">forms, photographs, tables ;</subfield>
    <subfield code="c">22 cm.</subfield>
  </datafield>
  <datafield tag="500" ind1=" " ind2=" ">
    <subfield code="a">Includes appendixes.</subfield>
  </datafield>
  <datafield tag="500" ind1=" " ind2=" ">
    <subfield code="a">Index : p. 211-217.</subfield>
  </datafield>
  <datafield tag="505" ind1="0" ind2=" ">
    <subfield code="a">Why you need to be on the brandwagon-So what is a brand ?-What is brand strategy ?-The house that brand built : positioning and brand architecture-Apples, oranges, blackberries and other fruit : how to create a great brand identity-It's the experience, stupid ! -Too many opinions and not enough cheese sandwiches : a bit about research-Call in the lawyers-Bow ties, ponytails and lunch at the Ivy : how to manage your agencies-Standing up, standing out and standing on your competition : how to keep your brand fresh in the Noo Mejur digital age-How to measure brand performance-When to mess with your logo : drastic measures-The last lesson in brand building-Epilogue : all the top tips in one place (go here first if you can't be bothered to read the book)</subfield>
  </datafield>
  <datafield tag="650" ind1=" " ind2="0">
    <subfield code="a">Branding (Marketing)</subfield>
    <subfield code="9">10059</subfield>
  </datafield>
  <datafield tag="650" ind1=" " ind2="0">
    <subfield code="a">Brand name products</subfield>
    <subfield code="9">36669</subfield>
  </datafield>
  <datafield tag="650" ind1=" " ind2="0">
    <subfield code="a">Advertising</subfield>
    <subfield code="x">Brand name products</subfield>
    <subfield code="9">36670</subfield>
  </datafield>
  <datafield tag="653" ind1=" " ind2=" ">
    <subfield code="b">BUSADM</subfield>
    <subfield code="c">November2014</subfield>
  </datafield>
  <datafield tag="655" ind1=" " ind2=" ">
    <subfield code="v">reading book</subfield>
    <subfield code="9">34232</subfield>
  </datafield>
  <datafield tag="700" ind1="1" ind2=" ">
    <subfield code="a">Milligan, Andy</subfield>
    <subfield code="9">36671</subfield>
  </datafield>
  <datafield tag="942" ind1=" " ind2=" ">
    <subfield code="2">ddc</subfield>
    <subfield code="k">658.827 EDG</subfield>
  </datafield>
  <datafield tag="999" ind1=" " ind2=" ">
    <subfield code="c">18668</subfield>
    <subfield code="d">18640</subfield>
  </datafield>
  <datafield tag="952" ind1=" " ind2=" ">
    <subfield code="0">0</subfield>
    <subfield code="1">0</subfield>
    <subfield code="2">ddc</subfield>
    <subfield code="4">0</subfield>
    <subfield code="7">0</subfield>
    <subfield code="8">Baccah</subfield>
    <subfield code="a">MAIN</subfield>
    <subfield code="b">MAIN</subfield>
    <subfield code="c">1ST</subfield>
    <subfield code="d">2014-11-24</subfield>
    <subfield code="e">purchase</subfield>
    <subfield code="g">148.00</subfield>
    <subfield code="h">20677</subfield>
    <subfield code="l">1</subfield>
    <subfield code="o">658.827 EDG</subfield>
    <subfield code="p">000037052</subfield>
    <subfield code="r">2025-07-15 00:00:00</subfield>
    <subfield code="s">2015-09-20</subfield>
    <subfield code="v">185.00</subfield>
    <subfield code="y">BB</subfield>
  </datafield>
</record>
